RELIK 2025 reprodukce lidského kapitálu - vzájemné vazby a souvislosti

Saved in:
Bibliographic Details
Corporate Author: RELIK 2025: reprodukce lidského kapitálu - vzájemné vazby a souvislosti. Mezinárodní vědecká konference
Format: Book
Language:English
Slovak
Czech
Published: Praha Vysoká škola ekonomická v Praze 2025
Edition:1. vydání
Subjects:
Tags: Add Tag
No Tags, Be the first to tag this record!

MARC

LEADER 00000nlm a2200000 4500
001 0315039
005 20260217110115.7
020 |a 978-80-245-2571-6 
041 0 |a eng 
041 0 |a slo 
041 0 |a cze 
044 |a CZ 
245 1 0 |a RELIK 2025  |b reprodukce lidského kapitálu - vzájemné vazby a souvislosti 
250 |a 1. vydání 
264 1 |a Praha  |b Vysoká škola ekonomická v Praze  |c 2025 
300 |a [538 s.] 
610 2 0 |a kapitál ľudský 
610 2 0 |a zdroje ľudské 
610 2 0 |a reprodukcia obyvateľstva 
610 2 0 |a starnutie populácie 
610 2 0 |a demografia 
110 2 |a RELIK 2025: reprodukce lidského kapitálu - vzájemné vazby a souvislosti. Mezinárodní vědecká konference